[Event "SVK-ch I/140 corr"]
[Site "Slovakia"]
[Date "2002.??.??"]
[Round "?"]
[White "Bedecs, Tibor"]
[Black "Roth, Peter1"]
[Result "0-1"]
[WhiteElo "1840"]
[BlackElo "1780"]
[PlyCount "46"]
[EventDate "2002.12.15"]
[EventType "tourn (corr)"]
[EventRounds "12"]
[EventCountry "SVK"]
[SourceTitle "Corr 2008"]
[Source "ChessBase"]
[SourceDate "2008.06.24"]
[SourceVersion "1"]
[SourceVersionDate "2008.06.24"]
[SourceQuality "1"]

1. e4 Nf6 2. d4 Nxe4 3. Bd3 Nf6 4. Nf3 d5 5. 0-0 Bg4 6. Re1 e6 7. Bg5 c5 8. c3 Nc6 9. dxc5 Bxc5 10. Nbd2 Qb6 11. Rf1 Bxf3 12. Nxf3 Ne4 13. Qe2 Nxg5 14. Nxg5 h6 15. Nf3 0-0 16. Rad1 Rac8 17. Bb1 Rfe8 18. Rd2 Red8 19. Rfd1 Qc7 20. Qd3 f5 21. a3 Ne5 22. Nxe5 Qxe5 23. Re1 Qxe1+ 0-1

[Event "SVK-ch I/140 corr"]
[Site "Slovakia"]
[Date "2002.??.??"]
[Round "?"]
[White "Zisek, Jaroslav"]
[Black "Bedecs, Tibor"]
[Result "0-1"]
[WhiteElo "1776"]
[BlackElo "1840"]
[PlyCount "28"]
[EventDate "2002.12.15"]
[EventType "tourn (corr)"]
[EventRounds "12"]
[EventCountry "SVK"]
[SourceTitle "Corr 2008"]
[Source "ChessBase"]
[SourceDate "2008.06.24"]
[SourceVersion "1"]
[SourceVersionDate "2008.06.24"]
[SourceQuality "1"]

1. c4 Nf6 2. Nc3 e6 3. e4 c5 4. e5 Ng8 5. d4 cxd4 6. Qxd4 Nc6 7. Qe4 d6 8. Nf3 dxe5 9. Nxe5 Nf6 10. Nxc6 Qb6 11. Qf3 Qxc6 12. Qxc6+ bxc6 13. Bd3 Be7 14. Bf4 0-0 0-1